Descentralización con participación
La descentralización se presenta como una tendencia universal en razón del adelanto científico-técnico, que afecta la industria en términos de fragmentar y desconcentrar sus operaciones. En América Latina asume el crácter de transformación del Estado. Las políticas públicas están sujetas a cambios p...
Spremljeno u:
| Autor kompanije: | |
|---|---|
| Format: | Tekst |
| Izdano: |
San José:
CERCA
|
| Teme: | |
| Oznake: |
Dodaj oznaku
Bez oznaka, Budi prvi tko označuje ovaj zapis!
|
MARC
| LEADER | 00000 a a2200000 04500 | ||
|---|---|---|---|
| 001 | 19126 | ||
| 003 | |||
| 040 | |||
| 090 | |a 145103 | ||
| 110 | |a Centro de Recursos para el Desarrollo Sostenible de los Asentamientos Humanos en Centroamérica | ||
| 245 | |a Descentralización con participación | ||
| 260 | |a San José: |b CERCA | ||
| 300 | |a 55 p | ||
| 300 | |b **no definido** | ||
| 500 | |a Tomado de Desarrollo y Cooperación (D+C), n. 5, mayo 1996 | ||
| 520 | |a La descentralización se presenta como una tendencia universal en razón del adelanto científico-técnico, que afecta la industria en términos de fragmentar y desconcentrar sus operaciones. En América Latina asume el crácter de transformación del Estado. Las políticas públicas están sujetas a cambios por la descentralización, lo que implica la repartición de competencias a nivel nacional, intermedio y municipal y la creación de mecanismos institucionales de participación para el nuevo gobierno comunal. REV/LCL | ||
| 650 | |a GOBIERNO | ||
| 650 | |a DESCENTRALIZACION | ||
| 650 | |a DESARROLLO LOCAL | ||
| 650 | |a GOBIERNO LOCAL | ||
| 999 | |c 13442 |d 13442 | ||
